[Event "EU-ch Blitz"]
[Site "Zagreb"]
[Date "2023.12.16"]
[Round "3"]
[White "Deac, Bogdan Daniel"]
[Black "Uruci, Endrit"]
[Result "1-0"]
[WhiteElo "2690"]
[BlackElo "2338"]
[PlyCount "70"]
[EventDate "2023.12.16"]
[EventType "swiss (blitz)"]
[EventRounds "13"]
[EventCountry "CRO"]
[SourceTitle "CB51_2023"]
[SourceDate "2023.12.20"]
[SourceVersion "1"]
[SourceVersionDate "2023.12.20"]
[SourceQuality "1"]

1. b3 Nf6 2. Bb2 e6 3. c4 d5 4. Nf3 c5 5. cxd5 Nxd5 6. g3 b6 7. Bg2 Bb7 8. 0-0 Nc6 9. d4 cxd4 10. Nxd4 Rc8 11. Qd2 Nf6 12. Nxc6 Bxc6 13. Qxd8+ Kxd8 14. Rd1+ Ke8 15. Rc1 Kd7 16. Rd1+ Ke8 17. Nd2 Bxg2 18. Kxg2 Bb4 19. Nc4 Ke7 20. a3 Bc5 21. Rac1 Rhd8 22. Rxd8 Rxd8 23. b4 Bd6 24. Kf3 Ne8 25. e4 f6 26. Ke2 Bc7 27. e5 Rd7 28. f4 f5 29. b5 h6 30. a4 Kd8 31. Nd2 Bb8 32. Nf3 Rc7 33. Rd1+ Ke7 34. Nd4 Rc4 35. Nc6+ Kf8 1-0

[Event "EU-chT 24th"]
[Site "Budva"]
[Date "2023.11.20"]
[Round "9.17"]
[White "Uruci, Endrit"]
[Black "Sukovic, Andrej"]
[Result "1-0"]
[WhiteElo "2315"]
[BlackElo "2382"]
[PlyCount "49"]
[EventDate "2023.11.11"]
[EventType "team-swiss"]
[EventRounds "9"]
[EventCountry "MNE"]
[SourceTitle "CB47_2023"]
[SourceDate "2023.11.22"]
[SourceVersion "1"]
[SourceVersionDate "2023.11.22"]
[SourceQuality "1"]
[WhiteTeam "Kosovo"]
[BlackTeam "Montenegro Youth II"]
[WhiteTeamCountry "KOS"]
[BlackTeamCountry "MNE"]

1. d4 Nf6 2. Bg5 g6 3. Bxf6 exf6 4. e3 d5 5. Nd2 Bd6 6. g3 h5 7. Bg2 c6 8. Ne2 h4 9. c4 dxc4 10. Nxc4 Bb4+ 11. Nc3 Nd7 12. Qb3 Bxc3+ 13. Qxc3 Nb6 14. e4 Nxc4 15. Qxc4 f5 16. d5 cxd5 17. exd5 Qe7+ 18. Kf1 0-0 19. Qxh4 Qe5 20. Qb4 b6 21. Re1 Ba6+ 22. Kg1 Qf6 23. Bf3 Rac8 24. Qa4 Bd3 25. Qb3 1-0

[Event "EU-chT 24th"]
[Site "Budva"]
[Date "2023.11.17"]
[Round "6.2"]
[White "Uruci, Endrit"]
[Black "Mchedlishvili, Mikheil"]
[Result "0-1"]
[WhiteElo "2315"]
[BlackElo "2564"]
[PlyCount "94"]
[EventDate "2023.11.11"]
[EventType "team-swiss"]
[EventRounds "9"]
[EventCountry "MNE"]
[SourceTitle "CB47_2023"]
[SourceDate "2023.11.22"]
[SourceVersion "1"]
[SourceVersionDate "2023.11.22"]
[SourceQuality "1"]
[WhiteTeam "Kosovo"]
[BlackTeam "Georgia"]
[WhiteTeamCountry "KOS"]
[BlackTeamCountry "GEO"]

1. e4 c5 2. Nf3 e6 3. d4 cxd4 4. Nxd4 Nc6 5. c4 Bc5 6. Nb3 Be7 7. Nc3 Nf6 8. Bf4 e5 9. Be3 Bb4 10. Bd3 Bxc3+ 11. bxc3 d6 12. 0-0 0-0 13. a4 Be6 14. a5 Qc7 15. f3 Rfc8 16. Qc2 Nd7 17. Ra4 b6 18. Rfa1 Rab8 19. R4a3 h6 20. axb6 axb6 21. Ra4 Nd8 22. Bf1 Nb7 23. Rb4 Ra8 24. Qb1 Nbc5 25. Nxc5 bxc5 26. Rb5 Qc6 27. h4 Rxa1 28. Qxa1 Ra8 29. Ra5 Nb6 30. Rxa8+ Qxa8 31. Qd1 Qb8 32. Qb3 f6 33. Kh2 Kf7 34. Be2 Ke7 35. f4 Kd7 36. f5 Bf7 37. g4 Kc7 38. Qb5 Qa8 39. Bxc5 dxc5 40. Qxc5+ Qc6 41. Qf8 Bxc4 42. Bxc4 Qxc4 43. Qxg7+ Nd7 44. Qxh6 Qxe4 45. g5 Qf4+ 46. Kg1 e4 47. Qg7 e3 0-1

[Event "Wch Blitz"]
[Site "Almaty"]
[Date "2022.12.30"]
[Round "18"]
[White "Begmuratov, Khumoyun"]
[Black "Uruci, Endrit"]
[Result "1-0"]
[WhiteElo "2267"]
[BlackElo "2379"]
[PlyCount "215"]
[EventDate "2022.12.29"]
[EventType "swiss (blitz)"]
[EventRounds "21"]
[EventCountry "KAZ"]
[SourceTitle "CBM 212"]
[Source "ChessBase"]
[SourceDate "2023.02.28"]
[SourceVersion "1"]
[SourceVersionDate "2023.02.28"]
[SourceQuality "1"]

1. e4 c5 2. Nc3 e6 3. Nf3 Nc6 4. Bb5 Nge7 5. d4 cxd4 6. Nxd4 Qc7 7. 0-0 a6 8. Be2 Nxd4 9. Qxd4 Nc6 10. Qd1 Be7 11. Be3 0-0 12. f4 b5 13. Bf3 Bb7 14. a3 Rac8 15. Qe1 Na5 16. Bd4 Bc5 17. Bxc5 Qxc5+ 18. Kh1 Nc4 19. Nd1 Rfd8 20. c3 a5 21. b3 Nb6 22. b4 Qc7 23. g3 Na4 24. Rc1 d5 25. exd5 Bxd5 26. Bxd5 Rxd5 27. Qe4 axb4 28. axb4 Qc6 29. Ne3 Rd3 30. Qxc6 Rxc6 31. Rfd1 Rcd6 32. Rxd3 Rxd3 33. Nd1 h5 34. Kg2 h4 35. Kf2 Rd2+ 36. Kf3 Rxh2 37. Nf2 Nb2 38. Ra1 Nc4 39. gxh4 Rxh4 40. Ra8+ Kh7 41. Rb8 Rh5 42. Ne4 Rd5 43. Ke2 Kg6 44. Rb7 f6 45. Nc5 Rd2+ 46. Ke1 Kf5 47. Rxb5 Kxf4 48. Nxe6+ Ke3 49. Rh5 Ra2 50. Rh3+ Ke4 51. Nc5+ Kd5 52. Rd3+ Kc6 53. Ne4 f5 54. Nc5 g5 55. Ne6 Ne5 56. Re3 Ng4 57. Rf3 Kd5 58. Nxg5 Ke5 59. Nf7+ Ke4 60. Ng5+ Ke5 61. Kd1 Nf6 62. Nf7+ Ke4 63. Ng5+ Ke5 64. Kc1 Nd5 65. Nf7+ Ke4 66. Ng5+ Ke5 67. Kb1 Rg2 68. Nf7+ Ke4 69. Rh3 f4 70. Nd6+ Ke5 71. Nc4+ Kf5 72. Rh5+ Rg5 73. Rxg5+ Kxg5 74. Kc2 f3 75. Nd2 f2 76. Ne4+ Kf4 77. Nxf2 Ke3 78. Nd3 Ke4 79. Nc5+ Ke5 80. Kd3 Kd6 81. Kc4 Ne3+ 82. Kb5 Nd5 83. Na4 Nc7+ 84. Kc4 Kc6 85. Nb2 Nb5 86. Kb3 Nd6 87. c4 Ne4 88. Nd3 Nd2+ 89. Kc3 Ne4+ 90. Kd4 Nd6 91. Ne5+ Kc7 92. c5 Nb5+ 93. Kc4 Na3+ 94. Kb3 Nb5 95. Ka4 Nd4 96. b5 Ne6 97. Kb4 Kb7 98. Kc4 Kc7 99. Nf3 Nf4 100. Nd4 Kb7 101. Nb3 Ng6 102. Na5+ Ka7 103. Kd5 Nf4+ 104. Kd6 Ne2 105. b6+ Kb8 106. c6 Nd4 107. c7+ Kc8 108. b7# 1-0

[Event "Wch Blitz"]
[Site "Almaty"]
[Date "2022.12.30"]
[Round "17"]
[White "Uruci, Endrit"]
[Black "Sankalp, Gupta"]
[Result "0-1"]
[WhiteElo "2379"]
[BlackElo "2438"]
[PlyCount "67"]
[EventDate "2022.12.29"]
[EventType "swiss (blitz)"]
[EventRounds "21"]
[EventCountry "KAZ"]
[SourceTitle "CBM 212"]
[Source "ChessBase"]
[SourceDate "2023.02.28"]
[SourceVersion "1"]
[SourceVersionDate "2023.02.28"]
[SourceQuality "1"]

1. e4 e6 2. c4 d5 3. cxd5 exd5 4. exd5 Nf6 5. Bb5+ Nbd7 6. Nc3 a6 7. Bc4 Nb6 8. d3 Nbxd5 9. Nf3 Be7 10. 0-0 0-0 11. h3 b5 12. Bb3 Bb7 13. Re1 h6 14. Ne5 Bc5 15. d4 Bb6 16. a4 b4 17. Nxd5 Nxd5 18. a5 Ba7 19. Bc2 Nf6 20. Be3 Qd5 21. Nf3 Rfe8 22. Bb3 Qd6 23. Rc1 Re7 24. Ne5 Rd8 25. Nf3 Rde8 26. Qd2 Nd5 27. Ne5 Nxe3 28. Rxe3 Rxe5 29. Rxe5 Rxe5 30. Bxf7+ Kf8 31. Ba2 Qxd4 32. Qc2 Qe4 33. Qxe4 Rxe4 34. Rxc7 0-1

[Event "Wch Blitz"]
[Site "Almaty"]
[Date "2022.12.29"]
[Round "2"]
[White "Sargissian, Gabriel"]
[Black "Uruci, Endrit"]
[Result "1-0"]
[WhiteElo "2559"]
[BlackElo "2379"]
[PlyCount "87"]
[EventDate "2022.12.29"]
[EventType "swiss (blitz)"]
[EventRounds "21"]
[EventCountry "KAZ"]
[SourceTitle "CBM 212"]
[Source "ChessBase"]
[SourceDate "2023.02.28"]
[SourceVersion "1"]
[SourceVersionDate "2023.02.28"]
[SourceQuality "1"]

1. d4 Nf6 2. Nf3 d5 3. c4 c6 4. Qb3 g6 5. cxd5 cxd5 6. Nc3 Nc6 7. Bf4 a6 8. e3 Bg7 9. h3 0-0 10. Bd3 b5 11. 0-0 Bb7 12. Rfc1 Rc8 13. a4 b4 14. a5 bxc3 15. Qxb7 Nxa5 16. Qb4 cxb2 17. Qxb2 Rxc1+ 18. Rxc1 Nc4 19. Qa2 a5 20. Bxc4 dxc4 21. Rxc4 Nd5 22. Be5 Nb4 23. Qa4 Bxe5 24. Nxe5 Qa8 25. Rc5 Rb8 26. Rxa5 Qe4 27. Qd7 Nd3 28. Nxd3 Qxd3 29. Qxe7 h5 30. Qe5 Rc8 31. Rc5 Ra8 32. Kh2 Qe2 33. Qf6 Rf8 34. Rc7 Qd2 35. Rd7 Qc3 36. Rd8 Qc4 37. Rxf8+ Kxf8 38. Qe5 Kg8 39. d5 Qc2 40. Qf6 Qc7+ 41. d6 Qb8 42. Qe7 Kg7 43. Qc7 Qb2 44. d7 1-0

[Event "Wch Blitz"]
[Site "Almaty"]
[Date "2022.12.29"]
[Round "11"]
[White "Svane, Rasmus"]
[Black "Uruci, Endrit"]
[Result "1-0"]
[WhiteElo "2674"]
[BlackElo "2379"]
[PlyCount "101"]
[EventDate "2022.12.29"]
[EventType "swiss (blitz)"]
[EventRounds "21"]
[EventCountry "KAZ"]
[SourceTitle "CBM 212"]
[Source "ChessBase"]
[SourceDate "2023.02.28"]
[SourceVersion "1"]
[SourceVersionDate "2023.02.28"]
[SourceQuality "1"]

1. Nf3 Nf6 2. g3 d5 3. Bg2 c5 4. 0-0 Nc6 5. d4 cxd4 6. Nxd4 e6 7. c4 Bc5 8. Nxc6 bxc6 9. Qc2 Be7 10. b3 0-0 11. Bb2 Bb7 12. Nd2 c5 13. cxd5 exd5 14. Rac1 Rc8 15. Rfd1 Qa5 16. Bc3 Qb6 17. Nf1 d4 18. Bb2 Bxg2 19. Kxg2 h5 20. Nd2 Rfd8 21. Qd3 Nd5 22. Nc4 Qc6 23. Qf3 h4 24. Kg1 Bg5 25. Rb1 Nb6 26. Ne5 Qe6 27. Nd3 c4 28. bxc4 Nxc4 29. Bc1 Bf6 30. Bf4 Re8 31. Re1 Nb6 32. a3 Na4 33. Rb7 Nc3 34. e3 Qa6 35. exd4 Rxe1+ 36. Nxe1 Ne2+ 37. Kg2 Nxf4+ 38. gxf4 Bxd4 39. Nd3 Qxa3 40. Rd7 Bb6 41. Qd5 Qf8 42. Ne5 h3+ 43. Kxh3 Rc3+ 44. Kg2 Rc5 45. Qb3 Qa8+ 46. f3 Kh8 47. Nxf7+ Kh7 48. Ng5+ Kh6 49. Qe6+ Kh5 50. Qg4+ Kg6 51. Ne4+ 1-0

[Event "Wch Blitz"]
[Site "Almaty"]
[Date "2022.12.29"]
[Round "6"]
[White "Uruci, Endrit"]
[Black "Shishkov, Andrei"]
[Result "1-0"]
[WhiteElo "2379"]
[BlackElo "2230"]
[PlyCount "135"]
[EventDate "2022.12.29"]
[EventType "swiss (blitz)"]
[EventRounds "21"]
[EventCountry "KAZ"]
[SourceTitle "CBM 212"]
[Source "ChessBase"]
[SourceDate "2023.02.28"]
[SourceVersion "1"]
[SourceVersionDate "2023.02.28"]
[SourceQuality "1"]

1. b3 e5 2. Bb2 Nc6 3. e3 Nf6 4. Bb5 Bd6 5. Na3 Na5 6. d4 Qe7 7. dxe5 Bxe5 8. Bxe5 Qxe5 9. Qd4 Qxd4 10. exd4 0-0 11. f3 d5 12. Kf2 Bf5 13. g4 Bg6 14. h4 h5 15. g5 Ne8 16. Nh3 Nd6 17. Nf4 c6 18. Be2 b5 19. c3 Nab7 20. Rac1 a5 21. Nc2 Bxc2 22. Rxc2 g6 23. a4 bxa4 24. bxa4 Rfb8 25. Rb1 Nd8 26. Rcb2 Rxb2 27. Rxb2 Kf8 28. Nd3 Ke7 29. Ne5 Nf5 30. Bf1 Nxh4 31. Bh3 Nf5 32. Bxf5 gxf5 33. Kg3 f6 34. gxf6+ Kxf6 35. Rb6 Ne6 36. Rxc6 f4+ 37. Kh4 Rg8 38. Kxh5 Rg1 39. Ng4+ Kf5 40. Nh6+ Kf6 41. Ng4+ Ke7 42. Ra6 Rc1 43. Ra7+ Kd6 44. Ra6+ Ke7 45. Rxa5 Rxc3 46. Rxd5 Rxf3 47. Re5 Kd6 48. Re1 Ra3 49. Nf6 Rxa4 50. d5 Nd4 51. Ne4+ Kd7 52. Nc5+ Kd6 53. Nxa4 Kxd5 54. Nc3+ Kc4 55. Ne4 Kd3 56. Nf2+ Kd2 57. Re4 Ne2 58. Kg4 Ke1 59. Nh3 Kd2 60. Nxf4 Nc3 61. Rd4+ Kc2 62. Kf3 Nb5 63. Rb4 Nc3 64. Rc4 Kb3 65. Rc8 Nb5 66. Ne2 Kb4 67. Ke3 Kb3 68. Nd4+ 1-0

[Event "Wch Rapid"]
[Site "Almaty"]
[Date "2022.12.28"]
[Round "11"]
[White "Uruci, Endrit"]
[Black "Elier, Ali"]
[Result "0-1"]
[WhiteElo "2353"]
[BlackElo "2188"]
[PlyCount "92"]
[EventDate "2022.12.26"]
[EventType "swiss (rapid)"]
[EventRounds "13"]
[EventCountry "KAZ"]
[SourceTitle "CBM 212"]
[Source "ChessBase"]
[SourceDate "2023.02.28"]
[SourceVersion "1"]
[SourceVersionDate "2023.02.28"]
[SourceQuality "1"]

1. e4 e5 2. Nf3 Nc6 3. d4 exd4 4. Bc4 Nf6 5. e5 d5 6. Bb5 Ne4 7. Nxd4 Bc5 8. 0-0 0-0 9. Bxc6 bxc6 10. Be3 Bd7 11. f3 Ng5 12. f4 Ne4 13. Nd2 Nxd2 14. Qxd2 f6 15. Nb3 Bb6 16. Kh1 fxe5 17. fxe5 Qh4 18. Bc5 Rxf1+ 19. Rxf1 Re8 20. Qe3 g6 21. h3 Bf5 22. Rf4 Bxc5 23. Nxc5 Qe7 24. Rxf5 gxf5 25. e6 Qf6 26. c3 f4 27. Qf3 Qf5 28. Kh2 Kf8 29. b4 Ke7 30. Qf2 Rg8 31. Nb3 Qxe6 32. Qxa7 Qd6 33. Kh1 f3 34. Qe3+ Qe6 35. Qxf3 Rf8 36. Qd1 Qe3 37. Nd4 Kd6 38. Qb1 Qxc3 39. Nf3 d4 40. Qxh7 Rxf3 41. Qg6+ Kd5 42. Qg8+ Ke5 43. Qe8+ Kf4 44. Qf7+ Kg3 45. Qxc7+ Kf2 46. Kh2 Qe1 0-1

[Event "Wch Rapid"]
[Site "Almaty"]
[Date "2022.12.26"]
[Round "4"]
[White "Uruci, Endrit"]
[Black "Zverev, Lev"]
[Result "0-1"]
[WhiteElo "2353"]
[BlackElo "2257"]
[PlyCount "118"]
[EventDate "2022.12.26"]
[EventType "swiss (rapid)"]
[EventRounds "13"]
[EventCountry "KAZ"]
[SourceTitle "CBM 212"]
[Source "ChessBase"]
[SourceDate "2023.02.28"]
[SourceVersion "1"]
[SourceVersionDate "2023.02.28"]
[SourceQuality "1"]

1. e4 e5 2. Nf3 Nc6 3. Bb5 a6 4. Bxc6 dxc6 5. d3 f6 6. 0-0 c5 7. Be3 Bd6 8. Nc3 Be6 9. Nd2 Qd7 10. f4 exf4 11. Bxf4 Bxf4 12. Rxf4 Ne7 13. Qh5+ Ng6 14. Rf2 b6 15. a4 a5 16. Re1 c6 17. h3 0-0 18. Nf3 Rad8 19. b3 Bf7 20. Qf5 Qd6 21. Ne2 Rfe8 22. Qg4 b5 23. Ra1 Ne5 24. Qg3 Nxf3+ 25. gxf3 Qxg3+ 26. Nxg3 c4 27. axb5 cxb5 28. dxc4 bxc4 29. bxc4 Re5 30. Ra4 Rd4 31. Nf5 Rxc4 32. Rxc4 Bxc4 33. Rd2 g6 34. Rd8+ Kf7 35. Nh6+ Ke7 36. Ra8 f5 37. exf5 gxf5 38. Ra7+ Kf6 39. Rc7 Be6 40. f4 Re4 41. Rc6 Kg7 42. Nxf5+ Bxf5 43. Rc5 Rxf4 44. Rxa5 Bxc2 45. Kg2 Kg6 46. Kg3 Rf6 47. Re5 Bf5 48. Rc5 Rd6 49. h4 Rd3+ 50. Kf4 Rd4+ 51. Kg3 Rg4+ 52. Kh2 Rxh4+ 53. Kg3 Re4 54. Ra5 h5 55. Ra8 h4+ 56. Kg2 Re2+ 57. Kg1 Kg5 58. Rg8+ Kf4 59. Rf8 h3 0-1

[Event "EU-ch Rapid"]
[Site "Katowice"]
[Date "2022.12.18"]
[Round "7"]
[White "Kolodziejski, Piotr"]
[Black "Uruci, Endrit"]
[Result "0-1"]
[WhiteElo "2091"]
[BlackElo "2297"]
[PlyCount "70"]
[EventDate "2022.12.17"]
[EventType "swiss (rapid)"]
[EventRounds "11"]
[EventCountry "POL"]
[SourceTitle "CBM 211 Extra"]
[Source "ChessBase"]
[SourceDate "2023.01.31"]
[SourceVersion "1"]
[SourceVersionDate "2023.01.31"]
[SourceQuality "1"]

1. e4 c5 2. Ne2 Nc6 3. d4 cxd4 4. Nxd4 e5 5. Nb5 a6 6. Nd6+ Bxd6 7. Qxd6 Qe7 8. Qd1 Nf6 9. Nc3 d6 10. Be2 Be6 11. Be3 0-0 12. Bb6 Nd7 13. Be3 Nf6 14. 0-0 b5 15. Nd5 Bxd5 16. exd5 Nb4 17. c4 bxc4 18. Bxc4 Rfc8 19. b3 Qb7 20. Bg5 Ne4 21. Bc1 Nc3 22. Qf3 Nbxd5 23. Bb2 e4 24. Qh3 Rxc4 25. bxc4 Nf4 26. Qe3 Qxb2 27. Kh1 Nfe2 28. Rae1 Qxa2 29. f3 Qxc4 30. fxe4 Re8 31. Qb6 Qxe4 32. Qxa6 d5 33. Qc6 d4 34. Qd7 Qe6 35. Qc7 d3 0-1

[Event "EU-ch Rapid"]
[Site "Katowice"]
[Date "2022.12.18"]
[Round "10"]
[White "Uruci, Endrit"]
[Black "Player, Edmund C"]
[Result "1-0"]
[WhiteElo "2297"]
[BlackElo "2198"]
[PlyCount "71"]
[EventDate "2022.12.17"]
[EventType "swiss (rapid)"]
[EventRounds "11"]
[EventCountry "POL"]
[SourceTitle "CBM 211 Extra"]
[Source "ChessBase"]
[SourceDate "2023.01.31"]
[SourceVersion "1"]
[SourceVersionDate "2023.01.31"]
[SourceQuality "1"]

1. d4 d5 2. Nf3 Nf6 3. e3 c5 4. dxc5 Qa5+ 5. Nbd2 Qxc5 6. a3 Nc6 7. b4 Qd6 8. Bb2 a6 9. c4 dxc4 10. Bxc4 Bg4 11. 0-0 e6 12. Qe2 Rc8 13. Rfd1 Qb8 14. h3 Bh5 15. Bxf6 gxf6 16. Ne4 Be7 17. Qb2 Ne5 18. Be2 Bxf3 19. Bxf3 Nxf3+ 20. gxf3 Rg8+ 21. Kh1 Qe5 22. Rac1 Rxc1 23. Qxc1 Qb8 24. Qd2 Rg6 25. Qd7+ Kf8 26. Rc1 Qe5 27. Ng3 Qd6 28. Qxb7 Qd2 29. Qc8+ Kg7 30. Qc2 Qd5 31. Qe4 Qd2 32. Rf1 Bd6 33. Nh5+ Kf8 34. Qa8+ Ke7 35. Qb7+ Kf8 36. Qd7 1-0

[Event "EU-ch Rapid"]
[Site "Katowice"]
[Date "2022.12.18"]
[Round "8"]
[White "Uruci, Endrit"]
[Black "Urh, Zala"]
[Result "0-1"]
[WhiteElo "2297"]
[BlackElo "2282"]
[PlyCount "70"]
[EventDate "2022.12.17"]
[EventType "swiss (rapid)"]
[EventRounds "11"]
[EventCountry "POL"]
[SourceTitle "CBM 211 Extra"]
[Source "ChessBase"]
[SourceDate "2023.01.31"]
[SourceVersion "1"]
[SourceVersionDate "2023.01.31"]
[SourceQuality "1"]

1. d4 Nf6 2. c4 e6 3. Nf3 d5 4. Nc3 dxc4 5. e4 b5 6. e5 Nd5 7. Nxb5 Nb6 8. Be2 Nc6 9. 0-0 Be7 10. a4 a5 11. b3 cxb3 12. Qxb3 Nb4 13. Bd2 0-0 14. Rfc1 N6d5 15. Nc3 Bb7 16. Ne4 Rb8 17. Nc5 Bc6 18. g3 Rb6 19. Qd1 Qa8 20. h4 Rd8 21. h5 h6 22. Nh2 Bf8 23. Ng4 Ne7 24. Be3 Nf5 25. Kh2 Qb8 26. Qd2 Nd5 27. Qxa5 Ndxe3 28. Nxe3 Nxe3 29. fxe3 Rb2 30. Na6 Rxe2+ 31. Kh3 Qb2 32. Rxc6 Rh2+ 33. Kg4 Qe2+ 34. Kf4 Qf2+ 35. Ke4 Qf5# 0-1

[Event "EU-ch Rapid"]
[Site "Katowice"]
[Date "2022.12.17"]
[Round "4"]
[White "Uruci, Endrit"]
[Black "Tregubov, Pavel V"]
[Result "0-1"]
[WhiteElo "2297"]
[BlackElo "2553"]
[PlyCount "92"]
[EventDate "2022.12.17"]
[EventType "swiss (rapid)"]
[EventRounds "11"]
[EventCountry "POL"]
[SourceTitle "CBM 211 Extra"]
[Source "ChessBase"]
[SourceDate "2023.01.31"]
[SourceVersion "1"]
[SourceVersionDate "2023.01.31"]
[SourceQuality "1"]

1. e4 e6 2. d4 d5 3. exd5 exd5 4. Bd3 Bd6 5. Ne2 Nf6 6. Bf4 0-0 7. 0-0 Nc6 8. c3 Ne7 9. Nd2 Ng6 10. Bxd6 Qxd6 11. Re1 Re8 12. Nf1 b6 13. Qc2 c5 14. Neg3 Bd7 15. Ne3 c4 16. Bf1 Nh4 17. Ngf5 Nxf5 18. Nxf5 Qc7 19. g3 b5 20. Bg2 Be6 21. a4 Rab8 22. axb5 Rxb5 23. Ne3 Reb8 24. Ra2 Qb6 25. Re2 g6 26. f4 Ng4 27. Nxg4 Bxg4 28. Re5 Be6 29. Qe2 Kg7 30. f5 Bxf5 31. Bxd5 Bd3 32. Qf3 Qc7 33. Qf2 a5 34. Qe3 Qd7 35. Be4 Rxe5 36. dxe5 Bxe4 37. Qxe4 Qd1+ 38. Kg2 Rd8 39. Qxc4 Rd2+ 40. Kh3 Qh5+ 41. Qh4 Qf5+ 42. Qg4 Rxh2+ 43. Kxh2 Qxg4 44. Rxa5 Qe2+ 45. Kh3 Qxb2 46. Rc5 Qf2 0-1

[Event "EU-ch Blitz"]
[Site "Katowice"]
[Date "2022.12.16"]
[Round "19"]
[White "Grabarczyk, Miroslaw"]
[Black "Uruci, Endrit"]
[Result "1-0"]
[WhiteElo "2337"]
[BlackElo "2297"]
[PlyCount "144"]
[EventDate "2022.12.16"]
[EventType "swiss (blitz)"]
[EventRounds "22"]
[EventCountry "POL"]
[SourceTitle "CBM 211 Extra"]
[Source "ChessBase"]
[SourceDate "2023.01.31"]
[SourceVersion "1"]
[SourceVersionDate "2023.01.31"]
[SourceQuality "1"]

1. d4 Nf6 2. c4 e5 3. dxe5 Ng4 4. Bf4 Nc6 5. Nf3 Bb4+ 6. Nbd2 Qe7 7. e3 Ngxe5 8. Nxe5 Nxe5 9. Be2 0-0 10. 0-0 d6 11. Nb3 Ng6 12. Bg3 b6 13. a3 Bc5 14. Nxc5 bxc5 15. b4 Qg5 16. Qd5 Qxd5 17. cxd5 cxb4 18. axb4 Bb7 19. Rfc1 Rfc8 20. Bg4 Rd8 21. Rxc7 Bxd5 22. Raxa7 Rab8 23. e4 Rxb4 24. f3 Rb1+ 25. Kf2 Rb2+ 26. Ke3 Ba2 27. Bxd6 Rxd6 28. Rc8+ Nf8 29. Raa8 g6 30. Rxf8+ Kg7 31. Rfd8 Rxd8 32. Rxd8 Rxg2 33. h3 h5 34. Bc8 h4 35. Bg4 Bc4 36. Rd1 Rh2 37. Kf4 Be2 38. Rd2 Rg2 39. Rd6 Rg3 40. e5 Bf1 41. Kg5 Rg1 42. Kxh4 Kh6 43. f4 Bc4 44. Rf6 Kg7 45. Rc6 Bd5 46. Rd6 Bc4 47. Rc6 Bd5 48. Rd6 Bb3 49. Bc8 Kh6 50. Bg4 Rg2 51. Rd3 Bc4 52. Rg3 Rf2 53. Rf3 Rg2 54. Rg3 Rf2 55. Rf3 Rg2 56. Rg3 Rf2 57. Rf3 Rg2 58. Rc3 Bd5 59. Rd3 Bc4 60. Rc3 Ba2 61. Rg3 Rf2 62. Ra3 Rg2 63. Rg3 Rf2 64. Rf3 Rg2 65. Rd3 Bc4 66. Rd1 Bb3 67. Rd6 Bc4 68. f5 Be6 69. fxg6 Bxg4 70. gxf7+ Kg7 71. hxg4 Kxf7 72. Kg5 Re2 1-0

[Event "EU-ch Blitz"]
[Site "Katowice"]
[Date "2022.12.16"]
[Round "2"]
[White "Swiech, Joanna"]
[Black "Uruci, Endrit"]
[Result "0-1"]
[WhiteElo "1820"]
[BlackElo "2297"]
[PlyCount "54"]
[EventDate "2022.12.16"]
[EventType "swiss (blitz)"]
[EventRounds "22"]
[EventCountry "POL"]
[SourceTitle "CBM 211 Extra"]
[Source "ChessBase"]
[SourceDate "2023.01.31"]
[SourceVersion "1"]
[SourceVersionDate "2023.01.31"]
[SourceQuality "1"]

1. d4 Nf6 2. c4 e5 3. d5 c6 4. Nc3 Bb4 5. Bd2 0-0 6. a3 Bxc3 7. Bxc3 d6 8. e3 Ne4 9. Qc2 Nxc3 10. Qxc3 Nd7 11. Bd3 Qg5 12. g3 Nf6 13. dxc6 bxc6 14. Nf3 Qh5 15. Be2 Bg4 16. Ng1 a5 17. Qd3 d5 18. cxd5 cxd5 19. Bxg4 Qxg4 20. Qe2 Qf5 21. Qf3 Qd3 22. Qe2 Qe4 23. Qf3 Rab8 24. Qxe4 Nxe4 25. Rb1 Rfc8 26. f3 Nc3 27. Rc1 Rxb2 0-1

[Event "EU-ch Blitz"]
[Site "Katowice"]
[Date "2022.12.16"]
[Round "18"]
[White "Triadu Cassa, Jordi"]
[Black "Uruci, Endrit"]
[Result "0-1"]
[WhiteElo "2195"]
[BlackElo "2297"]
[PlyCount "76"]
[EventDate "2022.12.16"]
[EventType "swiss (blitz)"]
[EventRounds "22"]
[EventCountry "POL"]
[SourceTitle "CBM 211 Extra"]
[Source "ChessBase"]
[SourceDate "2023.01.31"]
[SourceVersion "1"]
[SourceVersionDate "2023.01.31"]
[SourceQuality "1"]

1. e4 c6 2. d4 d5 3. Nc3 dxe4 4. Nxe4 Nf6 5. Nxf6+ exf6 6. c3 Bd6 7. Bd3 0-0 8. Ne2 Re8 9. Qc2 g6 10. Be3 f5 11. 0-0-0 Be6 12. Kb1 b5 13. Nf4 Bxf4 14. Bxf4 Qd5 15. b3 Nd7 16. h4 h5 17. f3 a5 18. g4 a4 19. b4 Qxf3 20. Rdf1 Qxg4 21. Rhg1 Qh3 22. Rf2 Bd5 23. Bxf5 Qxf5 24. Qxf5 Be4+ 25. Qxe4 Rxe4 26. Bg5 Rae8 27. Rgg2 Kg7 28. Kc2 R8e6 29. Kd3 Nb6 30. Bf4 f6 31. Rg3 Nd5 32. Bd2 Rxh4 33. Rfg2 f5 34. c4 bxc4+ 35. Kxc4 Rg4 36. Kc5 Rxg3 37. Rxg3 Nf6 38. b5 Ne4+ 0-1

[Event "EU-ch Blitz"]
[Site "Katowice"]
[Date "2022.12.16"]
[Round "1"]
[White "Uruci, Endrit"]
[Black "Swiech, Joanna"]
[Result "1/2-1/2"]
[WhiteElo "2297"]
[BlackElo "1820"]
[PlyCount "103"]
[EventDate "2022.12.16"]
[EventType "swiss (blitz)"]
[EventRounds "22"]
[EventCountry "POL"]
[SourceTitle "CBM 211 Extra"]
[Source "ChessBase"]
[SourceDate "2023.01.31"]
[SourceVersion "1"]
[SourceVersionDate "2023.01.31"]
[SourceQuality "1"]

1. e4 e5 2. Nf3 Nc6 3. d4 exd4 4. Bc4 Be7 5. Nxd4 d6 6. Nc3 Nf6 7. 0-0 0-0 8. h3 Nxd4 9. Qxd4 c5 10. Qd3 a6 11. a4 Qc7 12. Bg5 h6 13. Bh4 Be6 14. Rad1 Rad8 15. Rfe1 Bxc4 16. Qxc4 Rfe8 17. Bxf6 Bxf6 18. Nd5 Qd7 19. c3 Qe6 20. a5 Bh4 21. Rd3 Qg6 22. Rde3 Re5 23. Nf4 Qg5 24. Nd5 Qg6 25. Nf4 Qg5 26. Rf3 Qe7 27. Nd5 Qe8 28. g3 Be7 29. Rfe3 Bf8 30. f4 Re6 31. Nc7 Qe7 32. Nxe6 fxe6 33. f5 Re8 34. fxe6 Qxe6 35. Qxe6+ Rxe6 36. Kg2 Be7 37. Rd3 Bd8 38. b4 cxb4 39. cxb4 Be7 40. Kf3 Kf7 41. Rd5 Bd8 42. Rc1 Ke7 43. Rc8 Kd7 44. Rc2 Re5 45. Rxe5 dxe5 46. Kg4 Bf6 47. Kf5 Kd6 48. Rd2+ Kc6 49. Rd5 Kc7 50. g4 Kc6 51. h4 Kc7 52. g5 1/2-1/2

[Event "Pristina Nderkombetar op"]
[Site "Pristina"]
[Date "2022.06.20"]
[Round "6"]
[White "Uruci, Endrit"]
[Black "Klisurica, Jashar"]
[Result "1-0"]
[WhiteElo "2326"]
[BlackElo "2051"]
[PlyCount "37"]
[EventDate "2022.06.17"]
[EventType "swiss"]
[EventRounds "9"]
[EventCountry "KOS"]
[SourceTitle "CBM 209 Extra"]
[Source "ChessBase"]
[SourceDate "2022.09.30"]
[SourceVersion "1"]
[SourceVersionDate "2022.09.30"]
[SourceQuality "1"]

1. d4 g6 2. e4 Bg7 3. Nc3 d6 4. Be3 Nf6 5. f3 0-0 6. Qd2 Nc6 7. Nge2 a6 8. g4 b5 9. Bh6 e5 10. Bxg7 Kxg7 11. d5 Na5 12. Ng3 c5 13. h4 Ng8 14. Nd1 h6 15. Ne3 Ne7 16. 0-0-0 Bd7 17. Bh3 c4 18. g5 h5 19. Bxd7 1-0